000 00345 a2200145 4500
001 153535
040 _cEscola São Tomás de Aquino
100 _aAGUIAR, Luiz Antonio
240 1 0 _aA vontade dos cometas
_lpor
245 1 0 _aA vontade dos cometas
362 0 _a1999
440 1 _aMelhoramentos
697 _a*LITERATURA JUVENIL
942 _cBK
999 _c153535
_d153535